High visibility (Бичлэгийн дугаар. 145602)
| 000 -УДИРДЛАГА | |
|---|---|
| Удирдлага | 01559nam a22003257a 4500 |
| 003 - ХЯНАЛТЫН ТОО ТОДОРХОЙЛОГЧ | |
| Код | MN-UlNUM |
| 005 - БИЧИЛТ ХИЙСЭН ОГНОО | |
| Тухайн бичилтийг бичсэн засварласан сүүлийн огноо | 20251114120414.0 |
| 008 - ЕРӨНХИЙ МЭДЭЭЛЭЛ | |
| Ерөнхий мэдээлэл | 251114s2006 nyuab||| |||| 001 0 eng | |
| 020 ## - ISBN | |
| ISBN | 0071456805 |
| 084 ## - ББК АНГИЛАЛ | |
| Нэмэлт тусгалт | Нэг сэдэвт бүтээл |
| ББК ангилал | 65.290-2 |
| Зохиогчийн гурван тэмдэгт | H 65 |
| Мэдлэгийн ялгаа | 65 - Эдийн засаг |
| 245 00 - ҮНДСЭН ГАРЧИГ | |
| Номын нэр | High visibility |
| Бага гарчгийн мэдээ | transforming your personal and professional brand |
| Оролцогчдын тухай мэдээ | by Irving Rein ... [et al.]. |
| 250 ## - ДАХИН ХЭВЛЭЛТ | |
| Дахин гаралтын дугаар | 3rd ed. |
| 260 ## - ГАРАЛТЫН МЭДЭЭ | |
| Хэвлэгдсэн газар | New York : |
| Хэвлэлийн газар | McGraw-Hill, |
| Хэвлэгдсэн он | 2006. |
| 300 ## - МАТЕРИАЛЫН ТОДОРХОЙЛОЛТ | |
| хуудасны тоо | xii, 366 p. : |
| Бусад тоон мэдээлэл | ill. ; |
| Хэмжээ | 24 cm. |
| 500 ## - Тайлбар | |
| Дансны дугаар | БС 2112 |
| 505 ## - Агуулгын тэмдэглэгээ | |
| Агуулгын тэмдэглэгээ | Foundations of high visiblity marketing -- The branding proposition -- Commanding a high visibility premium -- How the high visibility industry works -- Distinguishing high visibility sectors and hierarchies -- Who are the high visibility consumers -- Strategies for achieving and sustaining -- Strategies for marketing high visibility -- Misconceptions of brand building -- The four steps of brand transformation -- Delivering the brand -- Publicizing the brand -- Sustaining the brand -- Managing brand identity in an ever-changing marketplace. |
| 546 ## - ХЭЛНИЙ ТУХАЙ МЭДЭЭ | |
| Хэл | Англи хэл дээр, |
| 653 ## - Түлхүүр үг | |
| Түлхүүр үг | publicity. |
| 653 ## - Түлхүүр үг | |
| Түлхүүр үг | fame. |
| 653 ## - Түлхүүр үг | |
| Түлхүүр үг | celebrities |
| 700 1# - ХАМ ЗОХИОГЧИД | |
| Ба бус | Rein, Irving J. |
| 700 1# - ХАМ ЗОХИОГЧИД | |
| Ба бус | Rein, Irving J. $t High visibility. |
| 740 ## - НОМЫН ГАРЧИГ | |
| Гарчиг | The Branding Proposition |
| 740 ## - НОМЫН ГАРЧИГ | |
| Гарчиг | Commanding a High Visibility Premium |
| 740 ## - НОМЫН ГАРЧИГ | |
| Гарчиг | How the High Visibility Industry Works |
| 740 ## - НОМЫН ГАРЧИГ | |
| Гарчиг | Distinguishing High Visibility Sectors and Hierarchies |
| 942 ## - ЭЛЕМЕНТИЙН ТӨРӨЛ | |
| Зүйлийн төрөл | Ном |
